<?xml version="1.0" encoding="UTF-8"?>
<record
    xmlns:xsi="http://www.w3.org/2001/XMLSchema-instance"
    xsi:schemaLocation="http://www.loc.gov/MARC21/slim http://www.loc.gov/standards/marcxml/schema/MARC21slim.xsd"
    xmlns="http://www.loc.gov/MARC21/slim">

  <leader>00631nam a22001697a 4500</leader>
  <controlfield tag="003">UA-OsUOA</controlfield>
  <controlfield tag="001"> 18432 </controlfield>
  <controlfield tag="007">ta</controlfield>
  <controlfield tag="008">20040515b un ||||| |||| 00| 0 ukr d</controlfield>
  <datafield tag="942" ind1=" " ind2=" ">
    <subfield code="c">SA</subfield>
  </datafield>
  <datafield tag="040" ind1=" " ind2=" ">
    <subfield code="a">UA-OsUOA</subfield>
    <subfield code="c">UA-OsUOA</subfield>
    <subfield code="d">UA-OsUOA</subfield>
  </datafield>
  <datafield tag="245" ind1=" " ind2=" ">
    <subfield code="a">&#x425;&#x456;&#x440;&#x443;&#x440;&#x433; &#x456;&#x437; &#x43C;&#x440;&#x456;&#x454;&#x44E; &#x43F;&#x440;&#x43E; &#x43D;&#x435;&#x431;&#x43E;</subfield>
    <subfield code="b">[&#x406;&#x43D;&#x442;&#x435;&#x440;&#x432;'&#x44E; &#x437; &#x445;&#x456;&#x440;&#x443;&#x440;&#x433;&#x43E;&#x43C; &#x420;&#x456;&#x432;&#x43D;&#x435;&#x43D;. &#x43E;&#x431;&#x43B;. &#x43A;&#x43B;&#x456;&#x43D;&#x456;&#x447;. &#x43B;&#x456;&#x43A;&#x430;&#x440;&#x43D;&#x456; , &#x437;&#x430;&#x441;&#x43B;. &#x43B;&#x456;&#x43A;&#x430;&#x440;&#x435;&#x43C; &#x423;&#x43A;&#x440;&#x430;&#x457;&#x43D;&#x438; &#x41C;. &#x41F;&#x448;&#x435;&#x43D;&#x438;&#x447;&#x43D;&#x438;&#x43C;]</subfield>
  </datafield>
  <datafield tag="300" ind1=" " ind2=" ">
    <subfield code="a">&#x421;.6</subfield>
  </datafield>
  <datafield tag="955" ind1=" " ind2=" ">
    <subfield code="a">0</subfield>
  </datafield>
  <datafield tag="773" ind1="0" ind2=" ">
    <subfield code="w">0</subfield>
    <subfield code="t">&#x420;&#x456;&#x432;&#x43D;&#x435;&#x43D;&#x441;&#x44C;&#x43A;&#x430; &#x433;&#x430;&#x437;&#x435;&#x442;&#x430;</subfield>
    <subfield code="d">&#x420;&#x456;&#x432;&#x43D;&#x435;</subfield>
    <subfield code="d">2004</subfield>
    <subfield code="g">&#x2116;31/ 7 &#x442;&#x440;&#x430;&#x432;./</subfield>
  </datafield>
  <datafield tag="650" ind1=" " ind2="7">
    <subfield code="a">&#x41A;&#x440;&#x430;&#x454;&#x437;&#x43D;&#x430;&#x432;&#x447;&#x430; &#x440;&#x43E;&#x431;&#x43E;&#x442;&#x430;</subfield>
    <subfield code="2">UDC</subfield>
  </datafield>
  <datafield tag="999" ind1=" " ind2=" ">
    <subfield code="c">304603</subfield>
    <subfield code="d">304603</subfield>
  </datafield>
</record>
